[Event "23rd OIBM 2019"]
[Site "Gmund am Tegernsee"]
[Date "2019.10.27"]
[Round "2.11"]
[White "Pieper, Thomas"]
[Black "Shevchenko, Kirill"]
[Result "0-1"]
[WhiteElo "2272"]
[BlackElo "2542"]
[Annotator "ChessBase"]
[PlyCount "78"]
[EventDate "2019.10.17"]
[EventType "swiss"]
[EventCountry "GER"]
[SourceTitle "playchess.com"]
[Source "ChessBase"]
[SourceQuality "1"]
[TimeControl "40/5400+30:1800+30"]

1. e4 {[%emt 0:00:00]} c5 {[%emt 0:00:00]} 2. Nf3 {[%emt 0:00:00]} d6 {[%emt 0:00:00]} 3. d4 {[%emt 0:00:02]} cxd4 {[%emt 0:00:00]} 4. Nxd4 {[%emt 0:00:05]} Nf6 {[%emt 0:00:00]} 5. Nc3 {[%emt 0:00:05]} a6 {[%emt 0:00:00]} 6. Bg5 {[%emt 0:00:35]} Nbd7 {[%emt 0:00:11]} 7. Qe2 {[%emt 0:00:36]} e6 {[%emt 0:01:27]} 8. f4 {[%emt 0:04:36]} Qc7 {[%emt 0:00:54]} 9. O-O-O {[%emt 0:01:07]} b5 {[%emt 0:00:13]} 10. a3 {[%emt 0:01:29]} Bb7 {[%emt 0:04:16]} 11. g4 {[%emt 0:04:55]} Be7 {[%emt 0:04:20]} 12. Rg1 {[%emt 0:08:18]} h6 {[%emt 0:14:23]} 13. Bh4 {[%emt 0:12:21]} Rb8 {[%emt 0:17:18]} 14. Be1 {[%emt 0:18:31]} Nc5 {[%emt 0:08:40]} 15. Bg2 {[%emt 0:06:30]} g5 {[%emt 0:10:03]} 16. fxg5 {[%emt 0:10:43]} hxg5 {[%emt 0:00:26]} 17. Bg3 {[%emt 0:00:14]} Ncd7 {[%emt 0:08:12]} 18. Rgf1 {[%emt 0:18:04]} Ne5 {[%emt 0:02:58]} 19. h3 {[%emt 0:02:57]} Nfd7 {[%emt 0:05:43]} 20. Qf2 {[%emt 0:02:52]} Rh7 {[%emt 0:03:01]} 21. Nd5 {[%emt 0:04:29]} exd5 {[%emt 0:01:58]} 22. exd5 {[%emt 0:00:12]} Qc4 {[%emt 0:10:07]} 23. Qf5 {[%emt 0:02:02]} Rg7 {[%emt 0:03:19]} 24. Nc6 {[%emt 0:00:04]} Rc8 {[%emt 0:02:59]} 25. Kb1 {[%emt 0:00:49]} Nxc6 {[%emt 0:00:27]} 26. dxc6 {[%emt 0:00:04]} Bxc6 {[%emt 0:00:05]} 27. Bxc6 {[%emt 0:01:10]} Rxc6 {[%emt 0:01:23]} 28. Rf2 {[%emt 0:00:34]} Qe6 {[%emt 0:00:21]} 29. Qf3 {[%emt 0:00:17]} Ne5 {[%emt 0:00:10]} 30. Qe4 {[%emt 0:00:28]} Rc4 {[%emt 0:00:40]} 31. Qa8+ {[%emt 0:00:17]} Qc8 {[%emt 0:00:04]} 32. Qd5 {[%emt 0:00:23]} Qe6 {[%emt 0:00:43]} 33. Qa8+ {[%emt 0:00:05]} Qc8 {[%emt 0:00:01]} 34. Qd5 {[%emt 0:00:13]} Rc5 {[%emt 0:01:30]} 35. Qe4 {[%emt 0:00:40]} Qc6 {[%emt 0:00:21]} 36. Qe2 {[%emt 0:01:30]} Rd5 {[%emt 0:00:22]} 37. Rdf1 {[%emt 0:00:35]} Qc4 {[%emt 0:00:37]} 38. Qe3 {[%emt 0:00:25]} Qd4 {[%emt 0:00:28]} 39. Qe2 {[%emt 0:00:17]} Nc4 {[%emt 0:01:06]} 0-1

[Event "23rd OIBM 2019"]
[Site "Gmund am Tegernsee"]
[Date "2019.10.27"]
[Round "2.12"]
[White "Nasuta, Grzegorz"]
[Black "Koellner, Ruben Gideon"]
[Result "1-0"]
[WhiteElo "2534"]
[BlackElo "2265"]
[Annotator "ChessBase"]
[PlyCount "49"]
[EventDate "2019.10.17"]
[EventType "swiss"]
[EventCountry "GER"]
[SourceTitle "playchess.com"]
[Source "ChessBase"]
[SourceQuality "1"]
[TimeControl "40/5400+30:1800+30"]

1. e4 {[%emt 0:00:00]} d6 {[%emt 0:00:00]} 2. d4 {[%emt 0:00:00]} Nf6 {[%emt 0:00:00]} 3. Nc3 {[%emt 0:00:00]} e5 {[%emt 0:00:00]} 4. Nf3 {[%emt 0:00:25]} Nbd7 {[%emt 0:00:00]} 5. Bc4 {[%emt 0:00:31]} Be7 {[%emt 0:00:00]} 6. a4 {[%emt 0:00:05]} O-O {[%emt 0:00:00]} 7. O-O {[%emt 0:00:20]} exd4 {[%emt 0:00:12]} 8. Qxd4 {[%emt 0:03:17]} Nb6 {[%emt 0:02:42]} 9. Ba2 {[%emt 0:18:03]} a5 {[%emt 0:01:24]} 10. h3 {[%emt 0:05:37]} Nfd7 {[%emt 0:04:55]} 11. Be3 {[%emt 0:08:03]} Nc5 {[%emt 0:07:09]} 12. Rad1 {[%emt 0:09:06]} Bd7 {[%emt 0:06:38]} 13. e5 {[%emt 0:05:15]} Ncxa4 {[%emt 0:06:54]} 14. exd6 {[%emt 0:24:31]} cxd6 {[%emt 0:08:14]} 15. Ne4 {[%emt 0:08:32]} d5 {[%emt 0:03:36]} 16. Bxd5 {[%emt 0:00:06]} Nxd5 {[%emt 0:00:21]} 17. Qxd5 {[%emt 0:00:07]} Bc6 {[%emt 0:00:51]} 18. Qe5 {[%emt 0:01:49]} Qe8 {[%emt 0:01:05]} 19. Nd4 {[%emt 0:11:06]} Nxb2 {[%emt 0:07:17]} 20. Nf5 {[%emt 0:00:28]} f6 {[%emt 0:01:06]} 21. Nxe7+ {[%emt 0:01:45]} Kh8 {[%emt 0:00:32]} 22. Qxb2 {[%emt 0:00:05]} Bxe4 {[%emt 0:00:05]} 23. Bc5 {[%emt 0:01:18]} Rf7 {[%emt 0:00:24]} 24. f3 {[%emt 0:00:32]} b6 {[%emt 0:01:41]} 25. Bd6 {[%emt 0:00:35]} 1-0

[Event "23rd OIBM 2019"]
[Site "Gmund am Tegernsee"]
[Date "2019.10.27"]
[Round "2.13"]
[White "Nebolsina, Vera"]
[Black "Chanda, Sandipan"]
[Result "1/2-1/2"]
[WhiteElo "2252"]
[BlackElo "2529"]
[Annotator "TA"]
[PlyCount "112"]
[EventDate "2019.10.17"]
[EventType "swiss"]
[EventCountry "GER"]
[SourceTitle "playchess.com"]
[Source "ChessBase"]
[SourceQuality "1"]

{[%evp 9,112,0,0,-12,-11,-11,-10,-16,-4,-21,-8,-17,-12,-28,5,-6,-14,-10,-18,-29,-4,-22,-20,-18,-10,-24,-18,-8,-14,-15,-17,-31,0,-76,-8,-8,-11,-16,-8,-16,-6,-8,0,0,5,2,46,39,56,52,60,60,51,52,52,33,39,43,39,39,99,92,87,117,116,110,115,118,113,107,107,101,95,91,129,11,7,0,0,0,0,0,0,0,1,0,8,8,10,8,8,8,8,8,8,0,0,0,0,0,0,0,0,0,0]} 1. e4 c5 2. Nc3 d6 3. Nf3 Nf6 4. Bc4 e6 5. O-O a6 6. d3 {B50: Sicilian: 2...d6, Miscellaneous} Be7 7. a3 O-O 8. Ba2 Nc6 9. Re1 b5 10. Ne2 Bb7 (10... Nh5 11. d4 cxd4 12. Nexd4 Nxd4 13. Nxd4 {1-0 (95) Artemiev,V (2703)-Kokarev,D (2595) Kazan 2018}) 11. Ng3 Nd7 12. h3 $146 ({Predecessor:} 12. c3 Nde5 13. Be3 Rc8 14. Nxe5 dxe5 15. Qg4 {1-0 (47) Psyk,R (2222)-Grib,R (2446) Bialystok 2017}) 12... Nde5 13. Nh2 Bh4 14. Nhf1 Kh8 15. f4 Ng6 $36 {[%mdl 2048] Black has some pressure.} 16. Be3 e5 17. f5 Nf4 18. Qg4 Nd4 19. Rac1 g6 20. Bxf4 {[#] Bh6 is the strong threat.} exf4 21. c3 (21. Qxf4 $11 Rc8 22. Ne3) 21... Nc6 ({Much worse is} 21... Bxg3 $6 22. Nxg3 fxg3 23. cxd4 $14) ({Black should play} 21... Nxf5 $17 22. exf5 fxg3 23. Nxg3 h5 24. Nxh5 gxh5 25. Qxh5+ Kg7) 22. Qxf4 $11 Bg5 23. Qf2 Bxc1 24. Rxc1 Ne5 25. Rd1 c4 26. dxc4 bxc4 27. Rd4 Rc8 28. Ne3 {[%cal Re3c4]} Nd3 29. Qd2 Qg5 30. Nxc4 Qxd2 31. Nxd2 Ne5 $1 32. Nf3 Rfd8 33. f6 Kg8 34. Nf1 Rc5 (34... a5 $14) 35. Ne3 $16 Nxf3+ 36. gxf3 Bc8 37. h4 Rh5 38. Nd5 Be6 39. Ne7+ Kf8 40. Bxe6 fxe6 {[%mdl 4096] Endgame KRR-KRN} 41. e5 Ke8 42. c4 (42. Nc6 $16 Rd7 43. f4 (43. exd6 Rd5 $15)) 42... dxe5 $11 {[#]The position is equal.} ({Of course not} 42... Rxe5 $6 43. Nc6 $16) 43. f7+ $1 {[%mdl 512]} Kxf7 44. Rxd8 {Threatens to win with Rd7.} Kxe7 {KR-KR} 45. Ra8 Rxh4 46. c5 Ra4 47. Ra7+ Kd8 48. Rxh7 Rc4 49. Ra7 Rxc5 50. Rxa6 Rc1+ 51. Kf2 Rc2+ 52. Ke3 Rxb2 53. Rxe6 Rb3+ 54. Ke4 Rxa3 55. Rxg6 Ke7 56. Kxe5 Rxf3 {Accuracy: White = 60%, Black = 53%.} 1/2-1/2

[Event "23rd OIBM 2019"]
[Site "Gmund am Tegernsee"]
[Date "2019.10.27"]
[Round "2.14"]
[White "Marin, Mihail"]
[Black "Kueppers, Timo"]
[Result "0-1"]
[WhiteElo "2524"]
[BlackElo "2250"]
[Annotator "ChessBase"]
[PlyCount "78"]
[EventDate "2019.10.17"]
[EventType "swiss"]
[EventCountry "GER"]
[SourceTitle "playchess.com"]
[Source "ChessBase"]
[SourceQuality "1"]
[TimeControl "40/5400+30:1800+30"]

1. g3 {[%emt 0:00:00]} c5 {[%emt 0:02:52]} 2. Bg2 {[%emt 0:00:00]} Nf6 {[%emt 0:00:10]} 3. f4 {[%emt 0:00:11]} d5 {[%emt 0:02:11]} 4. Nf3 {[%emt 0:00:06]} g6 {[%emt 0:00:10]} 5. O-O {[%emt 0:00:06]} Bg7 {[%emt 0:00:03]} 6. d3 {[%emt 0:00:04]} O-O {[%emt 0:00:12]} 7. Qe1 {[%emt 0:00:14]} d4 {[%emt 0:03:08]} 8. Na3 {[%emt 0:08:36]} Nc6 {[%emt 0:06:13]} 9. c4 {[%emt 0:00:13]} e5 {[%emt 0:15:32]} 10. Nxe5 {[%emt 0:23:31]} Nxe5 {[%emt 0:00:11]} 11. fxe5 {[%emt 0:00:05]} Ng4 {[%emt 0:00:27]} 12. Nc2 {[%emt 0:00:13]} a5 {[%emt 0:06:25]} 13. e6 {[%emt 0:05:27]} fxe6 {[%emt 0:15:10]} 14. Rxf8+ {[%emt 0:00:18]} Qxf8 {[%emt 0:00:24]} 15. h3 {[%emt 0:06:55]} Nf6 {[%emt 0:01:27]} 16. Qf2 {[%emt 0:02:20]} e5 {[%emt 0:02:16]} 17. Bg5 {[%emt 0:03:19]} Ra6 {[%emt 0:01:16]} 18. Rf1 {[%emt 0:13:46]} h6 {[%emt 0:05:10]} 19. Bd2 {[%emt 0:03:09]} Qe7 {[%emt 0:08:00]} 20. e3 {[%emt 0:03:03]} e4 {[%emt 0:12:10]} 21. exd4 {[%emt 0:02:44]} exd3 {[%emt 0:00:04]} 22. Ne3 {[%emt 0:03:30]} cxd4 {[%emt 0:00:15]} 23. Nd5 {[%emt 0:00:07]} Nxd5 {[%emt 0:00:03]} 24. Bxd5+ {[%emt 0:00:29]} Be6 {[%emt 0:03:00]} 25. Re1 {[%emt 0:01:09]} Qd7 {[%emt 0:02:15]} 26. Rxe6 {[%emt 0:05:20]} Rxe6 {[%emt 0:00:04]} 27. Qf3 {[%emt 0:00:29]} Kh7 {[%emt 0:01:23]} 28. Bxe6 {[%emt 0:00:10]} Qxe6 {[%emt 0:00:03]} 29. Qxd3 {[%emt 0:00:07]} Qxh3 {[%emt 0:00:43]} 30. Bxa5 {[%emt 0:00:58]} h5 {[%emt 0:00:32]} 31. Be1 {[%emt 0:05:43]} h4 {[%emt 0:02:46]} 32. Bf2 {[%emt 0:00:27]} Be5 {[%emt 0:01:24]} 33. Qf3 {[%emt 0:02:52]} hxg3 {[%emt 0:02:21]} 34. Qxb7+ {[%emt 0:01:57]} Kh6 {[%emt 0:00:09]} 35. Be1 {[%emt 0:00:05]} Bf4 {[%emt 0:01:18]} 36. Qg2 {[%emt 0:00:14]} Be3+ {[%emt 0:01:40]} 37. Kf1 {[%emt 0:00:07]} Qf5+ {[%emt 0:00:15]} 38. Ke2 {[%emt 0:00:09]} Qc2+ {[%emt 0:00:10]} 39. Kf3 {[%emt 0:00:16]} Qd1+ {[%emt 0:00:10]} 0-1

[Event "23rd OIBM 2019"]
[Site "Gmund am Tegernsee"]
[Date "2019.10.27"]
[Round "2.15"]
[White "Kruckenhauser, Arthur"]
[Black "Prusikin, Michael"]
[Result "0-1"]
[WhiteElo "2245"]
[BlackElo "2521"]
[Annotator "TA"]
[PlyCount "78"]
[EventDate "2019.10.17"]
[EventType "swiss"]
[EventCountry "GER"]
[SourceTitle "playchess.com"]
[Source "ChessBase"]
[SourceQuality "1"]

{[%evp 9,92,13,27,22,31,40,42,0,0,-15,0,-20,32,-25,-6,-87,-80,-94,-87,-69,-70,-120,-14,-86,-83,-83,-81,-81,-77,-82,-78,-103,-45,-100,-90,-83,-58,-64,-63,-88,-90,-88,-82,-81,-67,-70,-61,-60,-59,-60,-62,-66,-59,-68,-44,-44,-42,-93,-44,-68,-44,-64,-75,-229,-199,-385,-392,-377,-375,-383,-386,-429,-466,-440,-420,-791,-645,-627,-615,-1875,-1808,-1514,-1411,-29992,-29993]} 1. e4 e6 2. d4 d5 3. Nd2 h6 (3... c5 4. Ngf3 cxd4 5. Nxd4 Nc6 6. Bb5 Bd7 7. Nxc6 bxc6 8. Bd3 Qc7 9. Qe2 Ne7 10. Nf3 Ng6 11. e5 c5 12. c4 dxc4 13. Bxc4 Be7 14. h4 Bc6 15. h5 Nf8 16. h6 g6 {1-0 (33) Navara,D (2734)-Vitiugov,N (2727) Riga 2019}) 4. Bd3 c5 5. dxc5 Bxc5 6. Ngf3 {C03: French Tarrasch: Unusual Black 3rd moves} Nc6 7. a3 Nf6 8. Qe2 {White is slightly better.} O-O 9. O-O e5 10. h3 Re8 (10... Nh5 $11) 11. Rd1 (11. exd5 $14 Nxd5 12. Ne4) 11... Be6 $146 ({Predecessor:} 11... Qc7 12. c3 Bb6 13. exd5 Nxd5 14. Nc4 e4 15. Nxb6 axb6 {½-½ (59) Kotan,L (2365)-Ionescu,B (2191) Miskolc 2002}) 12. b4 (12. c4 $11 {keeps the balance.} dxc4 13. Nxc4) 12... Nd4 $36 {[%mdl 2048] White is under strong pressure.} 13. Nxd4 Bxd4 14. Rb1 Qc7 15. Nb3 Bb6 ({Much weaker is} 15... Nxe4 $6 16. Bxe4 dxe4 17. Nxd4 $11) (15... dxe4 $17 16. Bxe4 Rad8) 16. Bb2 (16. exd5 $11 Nxd5 17. Bd2) 16... dxe4 17. Bxe4 Nxe4 18. Qxe4 f6 19. Rbc1 Rad8 20. Nd2 Rd7 (20... Qf7 $17 21. c4 Bd4) 21. Nf3 ({White should play} 21. Qe2 $15) 21... Rxd1+ 22. Rxd1 Rd8 (22... Rc8 {is interesting.} 23. Rc1 Qf7 24. Nd2 Bd5 25. Qf5 Rd8) 23. Rxd8+ Qxd8 24. Qe2 Qd5 25. Qd2 Qc6 26. Qc3 Qe4 27. Qd3 Qxd3 (27... Bd5 {with more complications.} 28. Qxe4 Bxe4 29. Ne1 Kf7 30. Kf1 Bd5) 28. cxd3 $15 {[%mdl 4096] Endgame KBB-KBN} Kf7 29. Kf1 Bd5 30. Nd2 Ke6 31. g3 g5 32. Nc4 Bc7 33. Ke2 ({Better is} 33. g4 $15) 33... h5 34. Ne3 Bc6 35. Bc1 f5 36. Bd2 $2 {[#]} (36. f3 $17 {might work better.}) 36... f4 $1 $19 37. gxf4 $2 (37. Nd1) 37... exf4 38. Nc2 Bg2 39. Nd4+ Kf6 {Played: Ke6-d5} 0-1

[Event "23rd OIBM 2019"]
[Site "Gmund am Tegernsee"]
[Date "2019.10.27"]
[Round "2.16"]
[White "Gukesh D"]
[Black "Ciolek, Andreas"]
[Result "1-0"]
[WhiteElo "2520"]
[BlackElo "2238"]
[Annotator "ChessBase"]
[PlyCount "55"]
[EventDate "2019.10.17"]
[EventType "swiss"]
[EventCountry "GER"]
[SourceTitle "playchess.com"]
[Source "ChessBase"]
[SourceQuality "1"]
[TimeControl "40/5400+30:1800+30"]

1. e4 {[%emt 0:00:05]} g6 {[%emt 0:00:00]} 2. d4 {[%emt 0:00:56]} Bg7 {[%emt 0:00:00]} 3. Nc3 {[%emt 0:00:56]} d6 {[%emt 0:00:00]} 4. Be3 {[%emt 0:00:39]} a6 {[%emt 0:00:00]} 5. Qd2 {[%emt 0:02:13]} b5 {[%emt 0:02:15]} 6. h4 {[%emt 0:01:38]} Nf6 {[%emt 0:01:17]} 7. f3 {[%emt 0:01:33]} h5 {[%emt 0:00:15]} 8. O-O-O {[%emt 0:02:05]} c6 {[%emt 0:02:00]} 9. Kb1 {[%emt 0:04:39]} Qa5 {[%emt 0:18:16]} 10. a3 {[%emt 0:31:11]} Nbd7 {[%emt 0:16:41]} 11. Nh3 {[%emt 0:07:03]} c5 {[%emt 0:09:12]} 12. dxc5 {[%emt 0:10:00]} Nxc5 {[%emt 0:04:40]} 13. e5 {[%emt 0:05:47]} Nfd7 {[%emt 0:02:56]} 14. Nd5 {[%emt 0:03:48]} Qxd2 {[%emt 0:06:25]} 15. Rxd2 {[%emt 0:00:07]} Rb8 {[%emt 0:04:24]} 16. exd6 {[%emt 0:02:18]} exd6 {[%emt 0:00:39]} 17. Nb4 {[%emt 0:04:32]} O-O {[%emt 0:08:49]} 18. Nc6 {[%emt 0:01:18]} Rb7 {[%emt 0:05:45]} 19. Ne7+ {[%emt 0:04:52]} Kh8 {[%emt 0:00:06]} 20. Ng5 {[%emt 0:02:13]} Nb6 {[%emt 0:06:58]} 21. Rxd6 {[%emt 0:05:02]} Rxe7 {[%emt 0:05:49]} 22. Bxc5 {[%emt 0:00:08]} Re1+ {[%emt 0:01:11]} 23. Ka2 {[%emt 0:00:04]} Na4 {[%emt 0:00:40]} 24. Bb4 {[%emt 0:02:42]} Rc1 {[%emt 0:00:18]} 25. Rd2 {[%emt 0:02:31]} Re8 {[%emt 0:01:23]} 26. Bxb5 {[%emt 0:00:55]} Rxh1 {[%emt 0:01:43]} 27. Bxe8 {[%emt 0:00:35]} Nxb2 {[%emt 0:01:04]} 28. Rd8 {[%emt 0:00:48]} 1-0

[Event "23rd OIBM 2019"]
[Site "Gmund am Tegernsee"]
[Date "2019.10.27"]
[Round "2.17"]
[White "Rasch, Holger"]
[Black "Asadli, Vugar"]
[Result "0-1"]
[WhiteElo "2236"]
[BlackElo "2513"]
[Annotator "RC"]
[PlyCount "156"]
[EventDate "2019.10.17"]
[EventType "swiss"]
[EventCountry "GER"]
[SourceTitle "playchess.com"]
[Source "ChessBase"]
[SourceQuality "1"]
[TimeControl "40/5400+30:1800+30"]

1. e4 {[%emt 0:00:00]} g6 {[%emt 0:00:00]} 2. d4 {[%emt 0:00:00]} Bg7 {[%emt 0:00:00]} 3. Nc3 {[%emt 0:00:00]} d6 {[%emt 0:00:00]} 4. Nf3 {[%emt 0:00:13]} a6 {[%emt 0:00:00]} 5. a4 {[%emt 0:00:34]} Nf6 {[%emt 0:00:18]} 6. Be2 {[%emt 0:01:00]} O-O {[%emt 0:00:07]} 7. O-O {[%emt 0:01:06]} Nc6 {[%emt 0:00:10]} 8. h3 {[%emt 0:01:13]} e6 {[%emt 0:00:46]} 9. Be3 {[%emt 0:06:11]} b6 {[%emt 0:00:07]} 10. Qd2 {[%emt 0:00:51]} Bb7 {[%emt 0:00:49]} 11. Rad1 {[%emt 0:00:46]} Ne7 {[%emt 0:02:47]} 12. Bd3 {[%emt 0:16:43]} c5 {[%emt 0:07:20]} 13. Bh6 {[%emt 0:03:44]} Qc7 {[%emt 0:05:31]} 14. Bxg7 {[%emt 0:07:16]} Kxg7 {[%emt 0:00:01]} 15. e5 {[%emt 0:02:48]} dxe5 {[%emt 0:05:10]} 16. dxe5 {[%emt 0:01:04]} Nfd5 {[%emt 0:03:35]} 17. Nxd5 {[%emt 0:00:27]} Bxd5 {[%emt 0:00:34]} 18. Be2 {[%emt 0:00:20]} Rad8 {[%emt 0:06:26]} 19. Qf4 {[%emt 0:01:35]} Bb7 {[%emt 0:04:56]} 20. Nh2 {[%emt 0:17:09]} Nf5 {[%emt 0:06:06]} 21. Ng4 {[%emt 0:08:39]} h6 {[%emt 0:03:12]} 22. Ne3 {[%emt 0:04:29]} Rfe8 {[%emt 0:03:27]} 23. Rxd8 {[%emt 0:10:00]} Rxd8 {[%emt 0:00:14]} 24. Rd1 {[%emt 0:04:30]} Rxd1+ {[%emt 0:00:50]} 25. Bxd1 {[%emt 0:00:04]} Qd7 {[%emt 0:00:11]} 26. Nxf5+ {[%emt 0:10:21]} exf5 {[%emt 0:00:06]} 27. Be2 {[%emt 0:00:09]} a5 {[%emt 0:00:33]} 28. b3 {[%emt 0:00:25]} g5 {[%emt 0:01:32]} 29. Qe3 {[%emt 0:00:14]} f4 {[%emt 0:00:28]} 30. Qc3 {[%emt 0:00:21]} Kf8 {[%emt 0:00:04]} 31. Bg4 {[%emt 0:00:41]} Qd4 {[%emt 0:01:10]} 32. Qxd4 {[%emt 0:01:59]} cxd4 {[%emt 0:01:36]} 33. Bf5 {[%emt 0:00:01]} Ke7 {[%emt 0:00:52]} 34. f3 {[%emt 0:00:08]} Ba6 {[%emt 0:03:53]} 35. Kf2 {[%emt 0:00:04]} f6 {[%emt 0:00:10]} 36. exf6+ {[%emt 0:00:28]} Kxf6 {[%emt 0:00:03]} 37. Be4 {[%emt 0:00:45]} Ke5 {[%emt 0:00:05]} 38. Ke1 {[%emt 0:00:15]} Kd6 {[%emt 0:00:56]} 39. Bf5 {[%emt 0:01:33]} Kc5 {[%emt 0:04:11]} 40. Kd2 {[%emt 0:00:10]} Kb4 {[%emt 0:05:17]} 41. Bd3 {[%emt 0:02:21]} Bc8 {[%emt 0:02:28]} 42. Bb5 {[%emt 0:00:30]} Ka3 {[%emt 0:16:10]} 43. Bc4 {[%emt 0:02:10]} Kb2 {[%emt 0:00:30]} 44. Bb5 {[%emt 0:00:14]} Be6 {[%emt 0:03:11]} 45. Ba6 {[%emt 0:01:40]} Ka3 {[%emt 0:01:30]} 46. Bd3 {[%emt 0:00:32]} Kb4 {[%emt 0:00:04]} 47. Ba6 {[%emt 0:00:20]} Kc5 {[%emt 0:00:04]} 48. Bd3 {[%emt 0:00:11]} Kd6 {[%emt 0:00:06]} 49. Ba6 {[%emt 0:01:45]} Ke5 {[%emt 0:00:21]} 50. Bd3 {[%emt 0:01:50]} Bd5 {[%emt 0:00:14]} 51. Bb5 {[%emt 0:00:19]} Bf7 {[%emt 0:03:01]} 52. Bd3 {[%emt 0:01:04]} h5 {[%emt 0:00:39]} 53. Be2 {[%emt 0:14:43]} Bd5 {[%emt 0:00:38]} 54. Bf1 {[%emt 0:00:12]} Be6 {[%emt 0:01:20]} 55. Be2 {[%emt 0:02:53]} Bc8 {[%emt 0:00:06]} 56. Bd3 {[%emt 0:03:36]} Bb7 {[%emt 0:09:15]} 57. Be2 {[%emt 0:00:04]} g4 {[%emt 0:01:52]} 58. hxg4 {[%emt 0:00:02]} hxg4 {[%emt 0:00:03]} 59. Bd1 {[%emt 0:00:25]} g3 {[%emt 0:03:00]} 60. Be2 {[%emt 0:01:14]} Bd5 {[%emt 0:00:33]} 61. Bd1 {[%emt 0:00:37]} Be6 {[%emt 0:00:56]} 62. Be2 {[%emt 0:01:07]} Kd6 {[%emt 0:01:21]} 63. Kd3 {[%emt 0:00:50]} Ke5 {[%emt 0:02:12]} 64. Kd2 {[%emt 0:00:10]} Bf7 {[%emt 0:00:37]} 65. Bb5 {[%emt 0:00:37]} Bd5 {[%emt 0:01:02]} 66. Be2 {[%emt 0:00:06]} Kd6 {[%emt 0:00:28]} 67. Kd3 {[%emt 0:00:27]} Kc5 {[%emt 0:00:22]} 68. Kd2 {[%emt 0:01:12]} Be6 {[%emt 0:00:32]} 69. Bd3 {[%emt 0:00:28]} Kb4 {[%emt 0:00:23]} 70. Bb5 {[%emt 0:00:10]} Bd5 {[%emt 0:00:53]} 71. Be2 {[%emt 0:00:03]} Bb7 {[%emt 0:00:10]} 72. Bf1 {[%emt 0:00:12]} Ka3 {[%emt 0:00:19]} 73. Be2 {[%emt 0:00:19]} Kb2 {[%emt 0:00:15]} 74. Bf1 {[%emt 0:00:17]} d3 {[%emt 0:02:09]} 75. Kxd3 {[%emt 0:00:09]} Ba6+ {[%emt 0:00:25]} 76. c4 {[%emt 0:00:09]} Kxb3 {[%emt 0:00:04]} 77. Ke4 {[%emt 0:05:25]} Kxa4 {[%emt 0:00:24]} 78. Kxf4 {[%emt 0:00:16]} Kb4 {[%emt 0:00:22]} 0-1

[Event "23rd OIBM 2019"]
[Site "Gmund am Tegernsee"]
[Date "2019.10.27"]
[Round "2.18"]
[White "Engel, Luis"]
[Black "Moeldner, Juergen"]
[Result "1-0"]
[WhiteElo "2507"]
[BlackElo "2234"]
[Annotator "RC"]
[PlyCount "107"]
[EventDate "2019.10.17"]
[EventType "swiss"]
[EventCountry "GER"]
[SourceTitle "playchess.com"]
[Source "ChessBase"]
[SourceQuality "1"]
[TimeControl "40/5400+30:1800+30"]

1. e4 {[%emt 0:02:06]} e6 {[%emt 0:00:00]} 2. d4 {[%emt 0:00:04]} d5 {[%emt 0:00:00]} 3. Nd2 {[%emt 0:00:05]} Nf6 {[%emt 0:00:00]} 4. e5 {[%emt 0:00:04]} Nfd7 {[%emt 0:00:05]} 5. Bd3 {[%emt 0:00:06]} c5 {[%emt 0:00:05]} 6. c3 {[%emt 0:00:04]} Nc6 {[%emt 0:00:05]} 7. Ne2 {[%emt 0:00:05]} cxd4 {[%emt 0:00:06]} 8. cxd4 {[%emt 0:00:05]} f6 {[%emt 0:00:06]} 9. exf6 {[%emt 0:00:04]} Nxf6 {[%emt 0:00:06]} 10. O-O {[%emt 0:00:07]} Bd6 {[%emt 0:00:15]} 11. Nf3 {[%emt 0:00:13]} Qc7 {[%emt 0:00:14]} 12. h3 {[%emt 0:00:16]} O-O {[%emt 0:00:47]} 13. Re1 {[%emt 0:00:04]} Bd7 {[%emt 0:02:20]} 14. Be3 {[%emt 0:00:28]} Rae8 {[%emt 0:01:42]} 15. Rc1 {[%emt 0:00:09]} Qb8 {[%emt 0:06:19]} 16. Nc3 {[%emt 0:01:20]} Re7 {[%emt 0:04:40]} 17. Nb5 {[%emt 0:07:49]} Bb4 {[%emt 0:01:15]} 18. Bd2 {[%emt 0:00:35]} a6 {[%emt 0:01:23]} 19. Bxb4 {[%emt 0:00:44]} Nxb4 {[%emt 0:00:17]} 20. Nc3 {[%emt 0:00:32]} Nxd3 {[%emt 0:00:56]} 21. Qxd3 {[%emt 0:00:07]} Qd6 {[%emt 0:06:37]} 22. Ne5 {[%emt 0:02:20]} Be8 {[%emt 0:01:35]} 23. Qe3 {[%emt 0:09:29]} Rc7 {[%emt 0:12:46]} 24. Ne2 {[%emt 0:04:07]} Rxc1 {[%emt 0:02:15]} 25. Rxc1 {[%emt 0:00:47]} Bd7 {[%emt 0:03:22]} 26. Qc3 {[%emt 0:05:18]} Bb5 {[%emt 0:06:08]} 27. Ng3 {[%emt 0:02:13]} Nd7 {[%emt 0:02:21]} 28. Re1 {[%emt 0:06:30]} Nxe5 {[%emt 0:05:02]} 29. Rxe5 {[%emt 0:00:10]} Bd7 {[%emt 0:00:41]} 30. Qe3 {[%emt 0:08:06]} Rf7 {[%emt 0:08:29]} 31. Nh5 {[%emt 0:01:44]} Qf8 {[%emt 0:01:35]} 32. a3 {[%emt 0:07:05]} Bc8 {[%emt 0:05:16]} 33. g3 {[%emt 0:01:52]} Qd6 {[%emt 0:05:14]} 34. Nf4 {[%emt 0:02:44]} Rf6 {[%emt 0:00:34]} 35. h4 {[%emt 0:01:36]} Bd7 {[%emt 0:01:08]} 36. Kg2 {[%emt 0:03:03]} Bc8 {[%emt 0:03:18]} 37. Qd2 {[%emt 0:05:54]} Bd7 {[%emt 0:02:02]} 38. Re1 {[%emt 0:00:59]} Rf8 {[%emt 0:03:38]} 39. Nd3 {[%emt 0:00:28]} b6 {[%emt 0:01:15]} 40. Ne5 {[%emt 0:00:45]} a5 {[%emt 0:03:09]} 41. Rc1 {[%emt 0:32:08]} Rc8 {[%emt 0:36:33]} 42. h5 {[%emt 0:01:30]} Rxc1 {[%emt 0:01:37]} 43. Qxc1 {[%emt 0:00:05]} Be8 {[%emt 0:02:05]} 44. h6 {[%emt 0:01:51]} Qd8 {[%emt 0:04:03]} 45. hxg7 {[%emt 0:01:40]} Kxg7 {[%emt 0:00:00]} 46. Ng4 {[%emt 0:00:00]} Bg6 {[%emt 0:00:00]} 47. Qf4 {[%emt 0:00:00]} Qe7 {[%emt 0:00:00]} 48. Qe5+ {[%emt 0:00:00]} Kf7 {[%emt 0:00:00]} 49. Qh8 {[%emt 0:00:00]} Qg5 {[%emt 0:00:00]} 50. Ne5+ {[%emt 0:00:00]} Ke7 {[%emt 0:00:00]} 51. Qg7+ {[%emt 0:00:00]} Ke8 {[%emt 0:00:00]} 52. Qd7+ {[%emt 0:00:00]} Kf8 {[%emt 0:00:00]} 53. Qxe6 {[%emt 0:00:00]} Be4+ {[%emt 0:00:00]} 54. f3 {[%emt 0:00:00]} 1-0